Anteproyecto de normas contables profesionales de aplicación a la contabilidad de la hacienda pública (Registro nro. 8304)

Detalles MARC
000 -LEADER
fixed length control field 01210 a2200325 4500
001 - CONTROL NUMBER
control field 63744
005 - DATE AND TIME OF LATEST TRANSACTION
control field 20260407155937.0
008 - FIXED-LENGTH DATA ELEMENTS--GENERAL INFORMATION
fixed length control field 260407a1995 arg spa d
003 - CONTROL NUMBER IDENTIFIER
control field AR-UNSa-BCEJYS
040 ## - CATALOGING SOURCE
Original cataloging agency AR-UNSa-BCEJYS
Language of cataloging spa
Transcribing agency AR-UNSa-BCEJYS
080 ## - UNIVERSAL DECIMAL CLASSIFICATION NUMBER
Universal Decimal Classification number 657(083.74)
Common auxiliary subdivision Normas Contables
020 ## - INTERNATIONAL STANDARD BOOK NUMBER
International Standard Book Number 978-950-9687-40-0
041 ## - LANGUAGE CODE
Language code of text/sound track or separate title spa
100 1# - MAIN ENTRY--PERSONAL NAME
Personal name Federación Argentina de Consejos Profesionales de Ciencias Económicas. Centro de Estudios Científicos y Técnicos
245 10 - TITLE STATEMENT
Title Anteproyecto de normas contables profesionales de aplicación a la contabilidad de la hacienda pública
264 #1 - PRODUCTION, PUBLICATION, DISTRIBUTION, MANUFACTURE, AND COPYRIGHT NOTICE
Place of production, publication, distribution, manufacture Buenos Aires :
Name of producer, publisher, distributor, manufacturer FACPCE (Federación Argentina de Consejos Profesionales de Ciencias Económicas)
Date of production, publication, distribution, manufacture, or copyright notice 1995
300 ## - PHYSICAL DESCRIPTION
Extent 44 p.
Dimensions 22 cm.
590 ## - LOCAL NOTE (RLIN)
Local note niveau_biblio:m niveau_hierar:0
700 1# - ADDED ENTRY--PERSONAL NAME
Personal name Basile, Dante Sebastián
700 1# - ADDED ENTRY--PERSONAL NAME
Personal name Benzrihen, Jorge Isaac
700 1# - ADDED ENTRY--PERSONAL NAME
Personal name Cortés de Trejo, Lea Cristina
700 1# - ADDED ENTRY--PERSONAL NAME
Personal name Del Valle, Juan José Fermín
700 1# - ADDED ENTRY--PERSONAL NAME
Personal name Gurruchaga, Angel
700 1# - ADDED ENTRY--PERSONAL NAME
Personal name Licciardo, Cayetano Antonio
700 1# - ADDED ENTRY--PERSONAL NAME
Personal name Olazabal, Raúl Miguel
700 1# - ADDED ENTRY--PERSONAL NAME
Personal name Ostengo, Héctor Carlos
700 1# - ADDED ENTRY--PERSONAL NAME
Personal name Torga, Pascual Alberto
700 1# - ADDED ENTRY--PERSONAL NAME
Personal name Wierna, Gustavo Enrique
942 ## - ADDED ENTRY ELEMENTS (KOHA)
Koha item type
Existencias
Withdrawn status Lost status Damaged status Not for loan Home library Current library Shelving location Date acquired Total checkouts Full call number Barcode Date last seen Price effective from Koha item type
        Biblioteca Prof. Eusebio Cleto del Rey Biblioteca Prof. Eusebio Cleto del Rey   07/04/2026   657(083.74) F293a L70276 07/04/2026 07/04/2026 Libro
        Biblioteca Prof. Eusebio Cleto del Rey Biblioteca Prof. Eusebio Cleto del Rey   07/04/2026   657(083.74) F293a L70274 07/04/2026 07/04/2026 Libro
        Biblioteca Prof. Eusebio Cleto del Rey Biblioteca Prof. Eusebio Cleto del Rey   07/04/2026   657(083.74) F293a L70275 07/04/2026 07/04/2026 Libro
        Biblioteca Prof. Eusebio Cleto del Rey Biblioteca Prof. Eusebio Cleto del Rey   07/04/2026   657(083.74) F293a L70277 07/04/2026 07/04/2026 Libro
        Biblioteca Prof. Eusebio Cleto del Rey Biblioteca Prof. Eusebio Cleto del Rey   07/04/2026   657(083.74) F293a L70278 07/04/2026 07/04/2026 Libro
        Biblioteca Prof. Eusebio Cleto del Rey Biblioteca Prof. Eusebio Cleto del Rey   07/04/2026   657(083.74) F293a L70279 07/04/2026 07/04/2026 Libro
        Biblioteca Prof. Eusebio Cleto del Rey Biblioteca Prof. Eusebio Cleto del Rey   07/04/2026   657(083.74) F293a L70280 07/04/2026 07/04/2026 Libro
        Biblioteca Prof. Eusebio Cleto del Rey Biblioteca Prof. Eusebio Cleto del Rey   07/04/2026   657(083.74) F293a L70281 07/04/2026 07/04/2026 Libro
        Biblioteca Prof. Eusebio Cleto del Rey Biblioteca Prof. Eusebio Cleto del Rey   07/04/2026   657(083.74) F293a L70282 07/04/2026 07/04/2026 Libro
        Biblioteca Prof. Eusebio Cleto del Rey Biblioteca Prof. Eusebio Cleto del Rey   07/04/2026   657(083.74) F293a L70283 07/04/2026 07/04/2026 Libro